000 00627nam a2200193Ia 4500
005 20260429112028.0
008 260429s9999||||xx |||||||||||||| ||und||
020 _a9783662699942
041 _aEnglish
082 _a006.31
_bNEU
100 _aNeuer, Marcus J.
245 0 _aMachine learning for engineers :
_bintroduction to physics-informed, explainable learning methods for AI in engineering applications /
_cMarcus J. Neuer
260 _aGermany :
_bSpringer,
_c2025.
300 _axvii, 241 p.; pbk
650 _a Artificial intelligence
650 _a Machine learning
650 _aComputer science
942 _cTB
999 _c51976
_d51976